Economic growth and resources; Vol.5 Problems related to Japan

Guardat en:
Dades bibliogràfiques
Autor principal: Shigeto Tsuru
Format: Llibre
Idioma:Undetermined
Publicat: Tokyo Congress 1977
Matèries:
Etiquetes: Afegir etiqueta
Sense etiquetes, Sigues el primer a etiquetar aquest registre!
Thư viện lưu trữ: Trung tâm Học liệu Trường Đại học Cần Thơ
LEADER 00487nam a2200181Ia 4500
001 CTU_84994
008 210402s9999 xx 000 0 und d
082 |a 339.5 
082 |b T882 
100 |a Shigeto Tsuru 
245 0 |a Economic growth and resources; Vol.5 
245 0 |b Problems related to Japan 
245 0 |c Shigeto Tsuru 
260 |a Tokyo 
260 |b Congress 
260 |c 1977 
650 |a economic development 
980 |a Trung tâm Học liệu Trường Đại học Cần Thơ